Maloodpadové a recyklizačné technológie /

Na minha lista:
Detalhes bibliográficos
Main Authors: Mikoláš, Jan (Author), Moucha, Bohuslav (Author)
Formato: Livro
Idioma:eslovaco
Publicado em: Bratislava : Alfa, 1989
Edição:1.vyd.
Assuntos:
Acesso em linha:OBSAH
Tags: Adicionar Tag
Sem tags, seja o primeiro a adicionar uma tag!

MARC

LEADER 00000nam a22000003a 4500
001 stu39403
005 20150617225702.1
008 930126s1989----cs------------------slo-d
040 |a STU  |b slo 
041 0 |a slo 
044 |a cs 
080 |a 658.567 
100 1 |a Mikoláš, Jan  |4 aut 
245 1 |a Maloodpadové a recyklizačné technológie /  |c [aut.]Jan Mikoláš, Bohuslav Moucha 
250 |a 1.vyd. 
260 |a Bratislava :  |b Alfa,  |c 1989 
300 |a 255 s 
650 7 |a Technológie maloodpadové  |2 stusub 
650 7 |a ekológia  |2 stusub 
650 7 |a Procesy výrobné  |2 stusub 
700 1 |a Moucha, Bohuslav  |4 aut 
856 4 |a https://sweb.mtf.stuba.sk/obsahy/maloodpadove_a_recyklizacne_technologie_89  |u https://sweb.mtf.stuba.sk/obsahy/maloodpadove_a_recyklizacne_technologie_89  |3 OBSAH 
996 |b 284M013601  |c M*7924-3  |l MMKN  |s A  |a 24  |w stu39403_0001 
996 |b 284M013602  |c M*7924-4  |l MMKN  |s A  |a 24  |w stu39403_0002 
996 |b 284M013603  |c M*7924-1  |l MMKN  |s A  |a 24  |w stu39403_0003 
996 |b 284M034477  |c M*7924-2  |l MMST  |s A  |a 24  |w stu39403_0004